000 00294nam a22001217a 4500
003 OSt
008 150215b xxu||||| |||| 00| 0 eng d
100 1 _aWeiss,William R.Jr.
041 _aeng
245 1 0 _aCollecting United States Covers And Postal History
260 _b1987
_c1987
300 _a0 pages
999 _c680
_d680